000 00995nam a2200289 i 4500
001 nkc20263750383
003 CZ PrNK
005 20260507092306.0
007 ta
008 260504s2026 xr a 000 1 cze
020 _a9788028416966
040 _aABG001
_bcze
_erda
041 1 _acze
_hpol
100 1 _aGalewska-Kustra, Marta
_4aut
_916664
240 1 0 _aPucio poznaje kolory i dźwięki.
_lČesky
245 1 0 _aPéťa poznává barvy a zvuky /
_cMarta Galewska-Kustra ; ilustrace Joanna Kłos ; z polského originálu Pucio poznaje kolory i dźwięki ... přeložila Anna Šašková Plasová
250 _aVydání první
264 1 _aPraha :
_bEuromedia Group, a.s.,
_c2026
300 _a30 nečíslovaných stran :
_bbarevné ilustrace ;
_c14 cm
490 1 _aPikola
500 _aKartonové listy
700 1 _aKłos, Joanna
_4ill
_916665
700 1 _aŠašková Plasová, Anna
_4trl
_916475
710 2 _aEuromedia Group
_4pbl
_920440
910 _aABG508
999 _c34261
_d34261